000 00669nam a2200277Ia 4500
005 20260324140139.0
008 008 260324s9999 xx 000 0 eng d
020 _a9780203979754
037 _aEBOOK
040 _aCRL
040 _beng
040 _cCRL
041 _2eng
041 _aeng
084 _qCRL
100 _aAnnie Taylor; Caroline Thomas; Annie Taylor
_91203307
245 0 _aGlobal Trade and Global Social Issues
260 _bTaylor and Francis
260 _c1999
365 _a
365 _b450
856 _uhttp://www.taylorfrancis.com/books/9780203979754
942 _cEBOOK
999 _c1805056
_d1805056